| 000 | 00912nas a2200277 4500 | ||
|---|---|---|---|
| 001 | BR0706071 | ||
| 003 | BR-BrBNA | ||
| 005 | 20231205111233.0 | ||
| 007 | ta | ||
| 008 | 230509b bl.|||p| |||| 00| 00por d | ||
| 040 |
_aBR-BrBNA _bpor _cBiblioteca Nacional de Agricultura |
||
| 041 | _a(Pt) | ||
| 072 | _aL72 | ||
| 100 | 1 | _aBirgel, E.H. | |
| 100 | 1 | _aBarros, H.M. | |
| 100 | 1 | _aAmaral, V. do | |
| 245 | 1 | _aEstudo comparativo da eficácia e efeitos do fosfonato de dimetil-tricloro oxietilo e da tiodifenilamina quando usados como antihelmínticos em bovinos da raça Nelore | |
| 650 | _aBOVINO | ||
| 650 | _aRAÇA | ||
| 650 | _aANTI-HELMÍNTICO | ||
| 650 | _aVERMINOSE | ||
| 650 | _aMEDICAMENTO | ||
| 773 | 0 |
_tRevista da Faculdade de Medicina Veterinária (Brazil) _xISSN 0301-7273 _g(Dec 1965), v. 7(2) p. 429-463 _wBR0706071 |
|
| 909 |
_a202311 _bLúcia _c55 _dLúcia Elande |
||
| 942 |
_2AGRIS _n0 _cANA |
||
| 999 |
_c191534 _d191534 |
||